[Event "XIV Open Nicolo' La Rosa"]
[Site "Mazara del Vallo ITA"]
[Date "2006.08.12"]
[Round "3"]
[White "Melia, Lorenzo"]
[Black "Messina, Damiano"]
[Result "0-1"]
[WhiteElo "1727"]
[BlackElo "2064"]
[PlyCount "38"]
[EventDate "2006.08.11"]

1. e4 c5 2. Nf3 e6 3. d4 cxd4 4. Nxd4 a6 5. Be3 Qc7 6. Qd2 Nf6 7. f3 d5 8. e5
Qxe5 9. Be2 Qc7 10. O-O Bd6 11. f4 Ne4 12. Qd3 Nc6 13. Nxc6 bxc6 14. Nc3 Nf6
15. Na4 c5 16. b3 Bd7 17. Nb2 O-O 18. Rad1 Rfd8 19. Nc4 Bb5 0-1

[Event "XIV Open Nicolo' La Rosa"]
[Site "Mazara del Vallo ITA"]
[Date "2006.08.12"]
[Round "3"]
[White "Napoli, Nicolo'"]
[Black "Speciale, Francesco"]
[Result "1-0"]
[WhiteElo "2216"]
[BlackElo "1751"]
[PlyCount "51"]
[EventDate "2006.08.11"]

1. e4 c6 2. d4 d5 3. Nc3 e6 4. Nf3 Bb4 5. e5 Nd7 6. Bd3 c5 7. a3 cxd4 8. axb4
dxc3 9. bxc3 Qc7 10. O-O Qxc3 11. Bd2 Qc7 12. Re1 Ne7 13. b5 Nc5 14. Bf1 Bd7
15. Nd4 Rc8 16. Rxa7 Ne4 17. Ba5 Qb8 18. b6 O-O 19. Bb4 Rfe8 20. Rxe4 dxe4 21.
Bd6 Rc7 22. Bxc7 Qc8 23. Bb5 Nd5 24. c4 Nxc7 25. bxc7 Qxc7 26. Nxe6 1-0

[Event "XIV Open Nicolo' La Rosa"]
[Site "Mazara del Vallo ITA"]
[Date "2006.08.12"]
[Round "3"]
[White "Roberti, Ignazio"]
[Black "Serio, Danilo"]
[Result "0-1"]
[WhiteElo "1918"]
[BlackElo "1940"]
[PlyCount "92"]
[EventDate "2006.08.11"]

1. e4 d5 2. exd5 Nf6 3. d4 Bg4 4. Be2 Bxe2 5. Qxe2 Nxd5 6. Nf3 Nc6 7. c3 Qd7 8.
Na3 O-O-O 9. O-O e6 10. Nc4 h5 11. Nfe5 Nxe5 12. Nxe5 Qe8 13. a4 a6 14. c4 Nb4
15. Be3 f6 16. Nf3 g5 17. Rfd1 h4 18. h3 g4 19. hxg4 Qg6 20. g5 h3 21. g3 Be7
22. d5 fxg5 23. Bd4 Rhf8 24. Ne5 Qf5 25. g4 h2+ 26. Kh1 Qh7 27. Nd3 Nc2 28.
Qxe6+ Kb8 29. Ne5 Nxa1 30. Nd7+ Rxd7 31. Qxd7 Qe4+ 32. Kxh2 Bd6+ 33. Kg1 Qf4
34. c5 Qh2+ 35. Kf1 Qh1+ 36. Ke2 Qf3+ 37. Kd2 Nb3+ 38. Kc2 Nxd4+ 39. Rxd4 Qxf2+
40. Rd2 Qxc5+ 41. Kb1 Rf1+ 42. Ka2 Qc4+ 43. b3 Ra1+ 44. Kxa1 Qc1+ 45. Ka2 Qxd2+
46. Kb1 Qd1+ 0-1

[Event "XIV Open Nicolo' La Rosa"]
[Site "Mazara del Vallo ITA"]
[Date "2006.08.12"]
[Round "4"]
[White "Architetto, Sandro"]
[Black "Internicola, Dario"]
[Result "0-1"]
[WhiteElo "1509"]
[BlackElo "1544"]
[PlyCount "52"]
[EventDate "2006.08.11"]

1. e4 c5 2. Nf3 d6 3. c3 g6 4. d4 cxd4 5. cxd4 Bg7 6. Bc4 Nf6 7. Ng5 e6 8. Nc3
O-O 9. O-O d5 10. exd5 Nxd5 11. Nf3 Nc6 12. Nxd5 exd5 13. Be2 Qb6 14. h3 Nxd4
15. Be3 Nxf3+ 16. Bxf3 Qxb2 17. Rb1 Qxa2 18. Bxd5 Qa6 19. Qf3 Qf6 20. Bf4 a5
21. Bxb7 Bxb7 22. Rxb7 a4 23. Rfb1 a3 24. Rb8 Rfxb8 25. Rxb8+ Rxb8 26. Bxb8
Qxf3 0-1

[Event "XIV Open Nicolo' La Rosa"]
[Site "Mazara del Vallo ITA"]
[Date "2006.08.12"]
[Round "4"]
[White "Bonanno, Giuseppe"]
[Black "Di Liberti, Ivan"]
[Result "1-0"]
[WhiteElo "1530"]
[BlackElo "1689"]
[PlyCount "63"]
[EventDate "2006.08.11"]

1. e4 e5 2. Nf3 Nc6 3. Bc4 Bc5 4. c3 h6 5. d4 exd4 6. cxd4 Bb4+ 7. Bd2 Bxd2+ 8.
Nbxd2 d6 9. O-O Bg4 10. Qb3 Be6 11. Bxe6 fxe6 12. Qxe6+ Qe7 13. Qg6+ Qf7 14.
Qxf7+ Kxf7 15. Rac1 Rc8 16. Rfe1 Nge7 17. Re3 Rhe8 18. a3 Ng6 19. g3 Kg8 20.
Nb3 b6 21. Rxc6 Re7 22. Nfd2 a5 23. Rec3 a4 24. Nc1 Nf8 25. Rxd6 Nd7 26. Rdc6
Nb8 27. Rxb6 Nd7 28. Rb7 Nb6 29. Rxb6 Rd7 30. d5 c6 31. Rbxc6 Rb8 32. Rc8+ 1-0

[Event "XIV Open Nicolo' La Rosa"]
[Site "Mazara del Vallo ITA"]
[Date "2006.08.12"]
[Round "4"]
[White "Imburgia, Giuseppe"]
[Black "Melia, Lorenzo"]
[Result "0-1"]
[WhiteElo "1572"]
[BlackElo "1727"]
[PlyCount "106"]
[EventDate "2006.08.11"]

1. e4 d5 2. exd5 Nf6 3. Nf3 Bg4 4. h3 Bh5 5. Bb5+ Nbd7 6. g4 Bg6 7. Ne5 a6 8.
Ba4 b5 9. Nc6 Qc8 10. Bb3 Be4 11. f3 Bxd5 12. Nd4 e6 13. Nc3 Bb7 14. d3 c5 15.
Nde2 Bxf3 16. Rf1 Qc6 17. Bf4 Be7 18. Qd2 O-O 19. O-O-O a5 20. a4 b4 21. Ne4
Bxe4 22. dxe4 c4 23. Nd4 Qc8 24. e5 Nd5 25. Ba2 c3 26. Qe2 cxb2+ 27. Kxb2 Nc3
28. Qd2 Nxd1+ 29. Rxd1 Nc5 30. Bb3 Ne4 31. Qe3 Qc3+ 32. Qxc3 Nxc3 33. Re1 Rfd8
34. Nc6 Bh4 35. Rf1 Rd1 36. Rxd1 Nxd1+ 37. Ka2 Nf2 38. Bd2 Nxh3 39. c3 bxc3 40.
Bxc3 Nf2 41. Be1 g5 42. Bxa5 Nxg4 43. Bc7 Bg3 44. Bd1 h5 45. Ka3 Kg7 46. Kb4
Rc8 47. Kb5 Rxc7 48. Kb6 Rxc6+ 49. Kxc6 Nxe5+ 50. Kd6 Nc4+ 51. Kc5 Na5 52. Bxh5
f5 53. Kb5 Be1 0-1

[Event "XIV Open Nicolo' La Rosa"]
[Site "Mazara del Vallo ITA"]
[Date "2006.08.12"]
[Round "4"]
[White "Melograni, Francesco"]
[Black "Laudicina, Mariangela"]
[Result "1-0"]
[WhiteElo "1676"]
[BlackElo "1410"]
[PlyCount "73"]
[EventDate "2006.08.11"]

1. e4 e5 2. Nc3 Nc6 3. Bc4 Nf6 4. d3 h6 5. Be3 Bb4 6. Nge2 d6 7. O-O Bg4 8. Qd2
a6 9. f4 Qd7 10. f5 O-O-O 11. h3 Bxe2 12. Qxe2 Na5 13. Bb3 Bxc3 14. bxc3 d5 15.
exd5 Nxd5 16. Bd2 Rhe8 17. c4 Nxb3 18. axb3 Nf4 19. Qe4 g6 20. fxg6 fxg6 21.
Rxa6 c6 22. Ra8+ Kc7 23. Ba5+ b6 24. Ra7+ Kc8 25. Rxd7 Kxd7 26. Bxb6 Rf8 27.
Ra1 Rb8 28. Ra7+ Kd6 29. c5+ Ke6 30. Qxc6+ Kf5 31. Bc7 Rbe8 32. Ra6 Re6 33.
Qe4+ Kg5 34. Rxe6 Nxe6 35. Qxe5+ Rf5 36. Qxe6 Rxc5 37. Bd8+ 1-0

[Event "XIV Open Nicolo' La Rosa"]
[Site "Mazara del Vallo ITA"]
[Date "2006.08.12"]
[Round "4"]
[White "Messina, Damiano"]
[Black "Nicolosi, Daniele"]
[Result "0-1"]
[WhiteElo "2064"]
[BlackElo "2029"]
[PlyCount "109"]
[EventDate "2006.08.11"]

1. e4 e5 2. Nf3 d6 3. d4 exd4 4. Nxd4 Nf6 5. Nc3 Be7 6. Be2 O-O 7. Be3 c5 8.
Nb3 a5 9. a4 Be6 10. O-O Nc6 11. f4 Nb4 12. f5 Bxb3 13. cxb3 d5 14. e5 d4 15.
exf6 Bxf6 16. Bd2 dxc3 17. bxc3 Nd5 18. Qc2 Qc7 19. Bb5 Be5 20. h3 Nf6 21. Be2
Rfe8 22. Bf3 Rad8 23. Rad1 Rd7 24. Kh1 Red8 25. c4 h6 26. Be3 Kf8 27. Bg1 b6
28. g4 Bf4 29. Rxd7 Rxd7 30. Rd1 Qd8 31. Rxd7 Qxd7 32. Qe2 Qe7 33. Kg2 Qe5 34.
Qxe5 Bxe5 35. Bd5 Nxd5 36. cxd5 Ke7 37. Kf3 Kd6 38. Ke4 f6 39. Bf2 Bh2 40. h4
Be5 41. Be3 Bg3 42. g5 h5 43. gxf6 gxf6 44. Bh6 Bxh4 45. Bf4+ Kd7 46. Kd3 Bf2
47. Kc4 h4 48. Kd3 Bg3 49. Ke4 Bxf4 50. Kxf4 h3 51. Kg3 h2 52. Kxh2 Kd6 53. Kg3
Kxd5 54. Kf3 Ke5 55. Kg4 0-1

[Event "XIV Open Nicolo' La Rosa"]
[Site "Mazara del Vallo ITA"]
[Date "2006.08.12"]
[Round "4"]
[White "Riceputi, Vincenzo"]
[Black "Cerami, Giuseppe"]
[Result "1-0"]
[WhiteElo "1873"]
[BlackElo "1796"]
[PlyCount "80"]
[EventDate "2006.08.11"]

1. e4 e6 2. d4 d5 3. Nd2 Nf6 4. Bd3 c5 5. exd5 exd5 6. Qe2+ Qe7 7. dxc5 Qxe2+
8. Nxe2 Bxc5 9. Nb3 Bb6 10. Nbd4 Nc6 11. Nf5 Bxf5 12. Bxf5 Ne4 13. O-O g6 14.
Bxe4 dxe4 15. Nc3 f5 16. Nd5 Bd8 17. Bf4 Rc8 18. Rad1 Kf7 19. Rd2 g5 20. Bd6
Ne7 21. Be5 Rg8 22. Nf6 Rg6 23. Nd7 Re6 24. Bc3 Bc7 25. Nc5 Bxh2+ 26. Kxh2 Rxc5
27. Rd7 Rcc6 28. Rxb7 Ra6 29. a3 Kg6 30. Rd1 Nc6 31. Rdd7 h6 32. g4 fxg4 33.
Rg7+ Kh5 34. Rbd7 e3 35. fxe3 g3+ 36. Kxg3 Rxe3+ 37. Kf2 Re6 38. Rh7 Ne5 39.
Rxa7 Rxa7 40. Rxa7 Ng4+ 1-0

[Event "XIV Open Nicolo' La Rosa"]
[Site "Mazara del Vallo ITA"]
[Date "2006.08.12"]
[Round "4"]
[White "Speciale, Francesco"]
[Black "Roberti, Ignazio"]
[Result "1/2-1/2"]
[WhiteElo "1751"]
[BlackElo "1918"]
[PlyCount "57"]
[EventDate "2006.08.11"]

1. Nf3 Nf6 2. c4 e6 3. g3 b6 4. Bg2 Bb7 5. d3 Bb4+ 6. Bd2 a5 7. O-O O-O 8. a3
Be7 9. Nc3 Na6 10. d4 Ne4 11. Ne5 Nxc3 12. Bxc3 Bxg2 13. Kxg2 f6 14. Nf3 d5 15.
cxd5 exd5 16. Rc1 Qd7 17. Re1 Qf5 18. Qb3 Kh8 19. Nh4 Qd7 20. Qc2 f5 21. Nf3
Bf6 22. Red1 Rae8 23. Qd3 Nb8 24. h4 f4 25. Rh1 Qg4 26. Rh3 Re4 27. Re1 Qh5 28.
Ng5 Re7 29. gxf4 1/2-1/2

[Event "XIV Open Nicolo' La Rosa"]
[Site "Mazara del Vallo ITA"]
[Date "2006.08.13"]
[Round "5"]
[White "Alcide, Fabio"]
[Black "Cartolina, Carmelo"]
[Result "0-1"]
[WhiteElo "1616"]
[BlackElo "1563"]
[PlyCount "54"]
[EventDate "2006.08.11"]

1. e4 e5 2. Nf3 Nc6 3. d4 exd4 4. Nxd4 Nf6 5. Nxc6 bxc6 6. Bg5 Be7 7. Nc3 Nxe4
8. Nxe4 Bxg5 9. Qg4 Bf6 10. O-O-O O-O 11. Qh5 d5 12. Rd3 Re8 13. Ng3 Bg5+ 14.
Kb1 Qf6 15. Be2 Ba6 16. Rf3 Bxe2 17. Rxf6 Bxh5 18. Rf5 Bd2 19. Rxh5 Re6 20. Rd1
Rae8 21. c3 Re1 22. Kc2 Bf4 23. Rf5 Bxg3 24. Rxe1 Rxe1 25. hxg3 g6 26. Kd2 Ra1
27. a3 gxf5 0-1

[Event "XIV Open Nicolo' La Rosa"]
[Site "Mazara del Vallo ITA"]
[Date "2006.08.13"]
[Round "5"]
[White "Di Liberti, Ivan"]
[Black "Imburgia, Giuseppe"]
[Result "0-1"]
[WhiteElo "1689"]
[BlackElo "1572"]
[PlyCount "54"]
[EventDate "2006.08.11"]

1. d4 d5 2. c4 Nf6 3. Nc3 e6 4. e3 Bb4 5. Nf3 c5 6. Bd2 Nc6 7. a3 Bxc3 8. Bxc3
b6 9. Be2 O-O 10. O-O Ne4 11. Qc2 Bb7 12. Nd2 cxd4 13. exd4 Nxc3 14. bxc3 Re8
15. Rfe1 Rc8 16. Bd3 Kh8 17. Rac1 Qg5 18. Nf3 Qf6 19. Re3 dxc4 20. Bxc4 Ne7 21.
Bb3 Nf5 22. Rd3 Be4 23. Ba4 Bxd3 24. Qxd3 Red8 25. Ne5 Qxe5 26. g4 Nxd4 27. Rd1
Rxc3 0-1

[Event "XIV Open Nicolo' La Rosa"]
[Site "Mazara del Vallo ITA"]
[Date "2006.08.13"]
[Round "5"]
[White "Internicola, Dario"]
[Black "Internicola, Vincenzo"]
[Result "1-0"]
[WhiteElo "1544"]
[BlackElo "1554"]
[PlyCount "53"]
[EventDate "2006.08.11"]

1. e4 e5 2. Nf3 Nc6 3. Bc4 Bc5 4. c3 Nf6 5. d4 exd4 6. cxd4 Bb4+ 7. Nc3 Nxe4 8.
O-O Bxc3 9. bxc3 O-O 10. Re1 d5 11. Bd3 f5 12. Qb3 a6 13. Bxe4 fxe4 14. Ng5 Na5
15. Qb4 Nc4 16. Nxe4 Re8 17. Bg5 Qd7 18. Nd2 a5 19. Rxe8+ Qxe8 20. Qc5 Qf7 21.
Nxc4 dxc4 22. Re1 b6 23. Qc6 Bb7 24. Qxb7 Rf8 25. f3 h6 26. Be7 Re8 27. Qxc7
1-0

[Event "XIV Open Nicolo' La Rosa"]
[Site "Mazara del Vallo ITA"]
[Date "2006.08.13"]
[Round "5"]
[White "Laudicina, Mariangela"]
[Black "Cammarata, Antonino"]
[Result "1-0"]
[WhiteElo "1410"]
[BlackElo "1516"]
[PlyCount "37"]
[EventDate "2006.08.11"]

1. e4 b6 2. Bc4 Bb7 3. Nc3 e6 4. d4 Nf6 5. f3 d6 6. Nge2 Be7 7. Be3 Nbd7 8. Qd2
O-O 9. O-O-O c6 10. a3 Qc7 11. g4 b5 12. Bb3 h6 13. Ng3 a5 14. Bf4 a4 15. Ba2
Nb6 16. Rhg1 c5 17. Nh5 Nxh5 18. gxh5 Nd7 19. Bxh6 1-0

[Event "XIV Open Nicolo' La Rosa"]
[Site "Mazara del Vallo ITA"]
[Date "2006.08.13"]
[Round "5"]
[White "Melia, Lorenzo"]
[Black "Iracani, Michele"]
[Result "1-0"]
[WhiteElo "1727"]
[BlackElo "1612"]
[PlyCount "99"]
[EventDate "2006.08.11"]

1. e4 e5 2. Nf3 Nc6 3. d4 exd4 4. Nxd4 Bc5 5. c3 Qf6 6. Be3 Nge7 7. Bc4 O-O 8.
O-O a6 9. b4 Ba7 10. Na3 b5 11. Bb3 Ng6 12. Nac2 Bb7 13. a4 Nxd4 14. Bxd4 Bxd4
15. Qxd4 bxa4 16. Qxf6 gxf6 17. Bd5 Bxd5 18. exd5 Nf4 19. c4 Rfe8 20. Rxa4 Re2
21. Ne3 Rb2 22. b5 Ne2+ 23. Kh1 Nc3 24. Raa1 a5 25. Rfc1 Ne4 26. Rc2 Nxf2+ 27.
Kg1 Rxc2 28. Nxc2 Ne4 29. Ne3 a4 30. Ra3 Nc5 31. Kf2 Re8 32. Ng4 Kg7 33. Re3
Rxe3 34. Nxe3 a3 35. Nc2 a2 36. Na1 f5 37. Ke2 Kf6 38. Nc2 Ke5 39. Kd2 Nb3+ 40.
Kc3 a1=Q+ 41. Nxa1 Nxa1 42. Kb2 Kd4 43. d6 cxd6 44. b6 Kxc4 45. b7 Nb3 46. b8=Q
Nd2 47. Qxd6 Ne4 48. Qxd7 Nc5 49. Qxf7+ Kd4 50. Qxf5 1-0

[Event "XIV Open Nicolo' La Rosa"]
[Site "Mazara del Vallo ITA"]
[Date "2006.08.13"]
[Round "5"]
[White "Napoli, Nicolo'"]
[Black "Melograni, Francesco"]
[Result "1-0"]
[WhiteElo "2216"]
[BlackElo "1676"]
[PlyCount "45"]
[EventDate "2006.08.11"]

1. d4 d5 2. Nc3 Nf6 3. Bg5 e6 4. e4 dxe4 5. Nxe4 Nbd7 6. Nf3 Be7 7. Bxf6 Nxf6
8. Bd3 O-O 9. Qe2 Nd5 10. Qd2 b6 11. h4 a5 12. Nfg5 h6 13. Nf3 Ba6 14. c4 Nb4
15. Be2 c5 16. a3 cxd4 17. O-O-O Nc6 18. Nxd4 Nxd4 19. Qxd4 Qxd4 20. Rxd4 f5
21. Nd6 Rad8 22. Rhd1 Bxh4 23. Rxh4 1-0

[Event "XIV Open Nicolo' La Rosa"]
[Site "Mazara del Vallo ITA"]
[Date "2006.08.13"]
[Round "5"]
[White "Nicolosi, Daniele"]
[Black "Serio, Danilo"]
[Result "1-0"]
[WhiteElo "2029"]
[BlackElo "1940"]
[PlyCount "57"]
[EventDate "2006.08.11"]

1. d4 e5 2. dxe5 Nc6 3. Nf3 Qe7 4. Nc3 Nxe5 5. e4 Nf6 6. Bg5 Nxf3+ 7. Qxf3 Qb4
8. Bxf6 gxf6 9. Qxf6 Rg8 10. Qe5+ Be7 11. O-O-O d6 12. Qb5+ Qxb5 13. Nxb5 Kd8
14. e5 a6 15. Nc3 Be6 16. exd6 cxd6 17. g3 Rc8 18. Bg2 Kc7 19. Nd5+ Bxd5 20.
Bxd5 Rgf8 21. Rhe1 Bf6 22. f4 b5 23. Bb3 a5 24. a4 bxa4 25. Bxa4 Rb8 26. c3 Rb6
27. Rd5 Rfb8 28. Re2 Ra6 29. Rf5 1-0

[Event "XIV Open Nicolo' La Rosa"]
[Site "Mazara del Vallo ITA"]
[Date "2006.08.13"]
[Round "5"]
[White "Roberti, Ignazio"]
[Black "Riceputi, Vincenzo"]
[Result "1-0"]
[WhiteElo "1918"]
[BlackElo "1873"]
[PlyCount "93"]
[EventDate "2006.08.11"]

1. e4 c5 2. Nf3 d6 3. d4 cxd4 4. Qxd4 Bd7 5. Nc3 Nc6 6. Qe3 Nb4 7. Qe2 g6 8. a3
Nc6 9. Bd2 Bg7 10. g3 Nf6 11. Bg2 O-O 12. O-O Qc8 13. Rfe1 Bg4 14. Qd3 Bxf3 15.
Qxf3 Ne5 16. Qe2 Nc4 17. Rab1 Nd7 18. Nd5 Re8 19. Bc3 Bxc3 20. Nxc3 Nxa3 21.
bxa3 Qxc3 22. Rxb7 Nc5 23. Rb5 Rab8 24. Reb1 Rxb5 25. Qxb5 Rc8 26. Qb2 Qd2 27.
e5 Na4 28. Qb4 Nc3 29. Qb7 Ne2+ 30. Kh1 Rxc2 31. Be4 Rc1+ 32. Rxc1 Qxc1+ 33.
Kg2 dxe5 34. Qb8+ Kg7 35. Qxe5+ Kh6 36. Bd5 e6 37. Bxe6 fxe6 38. Qxe2 Qc6+ 39.
Qf3 Qd6 40. Qe3+ g5 41. h4 Qd5+ 42. Kh3 Kg6 43. Qxg5+ Qxg5 44. hxg5 Kxg5 45.
Kg2 e5 46. Kf3 Kf5 47. Ke2 {...} 1-0

[Event "XIV Open Nicolo' La Rosa"]
[Site "Mazara del Vallo ITA"]
[Date "2006.08.13"]
[Round "5"]
[White "Speciale, Francesco"]
[Black "Messina, Damiano"]
[Result "0-1"]
[WhiteElo "1751"]
[BlackElo "2064"]
[PlyCount "100"]
[EventDate "2006.08.11"]

1. Nf3 d5 2. g3 c5 3. Bg2 Nc6 4. d3 e5 5. Nbd2 f5 6. Nb3 Nf6 7. Bg5 h6 8. Bxf6
Qxf6 9. Nfd2 Be6 10. O-O Bd6 11. e4 fxe4 12. dxe4 d4 13. Qe2 a6 14. Rad1 b5 15.
f4 Qe7 16. f5 Bf7 17. Nf3 Bc4 18. Rd3 Nb4 19. Nh4 Qf6 20. Qh5+ Bf7 21. Ng6 Nxd3
22. cxd3 Kd7 23. Bh3 Kc6 24. Rc1 Kb6 25. Rf1 Rac8 26. Qd1 c4 27. Nc1 c3 28. b3
Qg5 29. Nh4 Bh5 30. Qe1 Qd2 31. f6 Qxe1 32. Rxe1 gxf6 33. Bxc8 Rxc8 34. h3 Rg8
35. Kf2 Ba3 36. g4 Be8 37. Nf3 Kc7 38. Kg3 Kd6 39. Rf1 h5 40. Nh2 Ke7 41. Nf3
hxg4 42. hxg4 Bh5 43. Nh2 a5 44. Kh3 Bf7 45. Nf3 Be6 46. Kg3 Rxg4+ 47. Kf2 a4
48. Ke2 Bxc1 49. Rxc1 axb3 50. axb3 Bxb3 0-1

[Event "XIV Open Nicolo' La Rosa"]
[Site "Mazara del Vallo ITA"]
[Date "2006.08.13"]
[Round "6"]
[White "Cammarata, Antonino"]
[Black "Architetto, Sandro"]
[Result "1-0"]
[WhiteElo "1516"]
[BlackElo "1509"]
[PlyCount "62"]
[EventDate "2006.08.11"]

1. c4 e5 2. Nc3 c6 3. e4 Bc5 4. g3 Nf6 5. Bg2 d6 6. Nge2 Bg4 7. O-O h6 8. a3
O-O 9. Qc2 Nbd7 10. Kh1 Nb6 11. f3 Be6 12. d3 d5 13. cxd5 cxd5 14. b4 Be7 15.
f4 Ng4 16. f5 Bc8 17. h3 Nf6 18. Bd2 d4 19. Nd1 Bd7 20. Nf2 Rc8 21. Qd1 Ba4 22.
Qe1 Bc2 23. Rc1 Na4 24. Bxh6 gxh6 25. Qd2 Kg7 26. Rxc2 Nc3 27. Nxc3 dxc3 28.
Rxc3 Rxc3 29. Qxc3 Nh5 30. Kh2 Bf6 31. Ng4 31... Kh7 {...} 1-0

[Event "XIV Open Nicolo' La Rosa"]
[Site "Mazara del Vallo ITA"]
[Date "2006.08.13"]
[Round "6"]
[White "Cartolina, Carmelo"]
[Black "Iracani, Michele"]
[Result "0-1"]
[WhiteElo "1563"]
[BlackElo "1612"]
[PlyCount "56"]
[EventDate "2006.08.11"]

1. e4 e5 2. Nf3 Nc6 3. d4 exd4 4. Nxd4 Bc5 5. Be3 Qf6 6. c3 Nge7 7. Be2 O-O 8.
O-O a6 9. Qd3 h6 10. Nxc6 Qxc6 11. Bxc5 Qxc5 12. Qd4 Qc6 13. Nd2 d6 14. Bf3 Qd7
15. Nc4 b5 16. Ne3 c5 17. Qd2 Bb7 18. c4 Ng6 19. Nd5 Qd8 20. cxb5 axb5 21. Nc3
Ne5 22. Nxb5 Nxf3+ 23. gxf3 Ba6 24. a4 Qf6 25. Rfe1 Qxf3 26. Nc3 Rab8 27. Qxd6
Rxb2 28. Qxa6 Qxf2+ 0-1

[Event "XIV Open Nicolo' La Rosa"]
[Site "Mazara del Vallo ITA"]
[Date "2006.08.13"]
[Round "6"]
[White "Cerami, Giuseppe"]
[Black "Laudicina, Mariangela"]
[Result "1-0"]
[WhiteElo "1796"]
[BlackElo "1410"]
[PlyCount "57"]
[EventDate "2006.08.11"]

1. b4 e5 2. Bb2 d6 3. e3 Nf6 4. Bc4 a6 5. a4 c6 6. Ne2 Be6 7. Na3 b5 8. Bxe6
fxe6 9. axb5 axb5 10. c3 d5 11. O-O Bd6 12. Nxb5 Rxa1 13. Nxd6+ Qxd6 14. Qxa1
O-O 15. Ba3 Qd8 16. Qb2 e4 17. b5 Re8 18. b6 Nbd7 19. Rb1 Qb8 20. h3 c5 21. Qb5
Rf8 22. Bxc5 Nxc5 23. Qxc5 Rf7 24. Nd4 Nd7 25. Qc7 Qf8 26. Nxe6 Qb8 27. b7 Qxc7
28. Nxc7 h6 29. Nxd5 1-0

[Event "XIV Open Nicolo' La Rosa"]
[Site "Mazara del Vallo ITA"]
[Date "2006.08.13"]
[Round "6"]
[White "Di Liberti, Ivan"]
[Black "Alcide, Fabio"]
[Result "1-0"]
[WhiteElo "1689"]
[BlackElo "1616"]
[PlyCount "105"]
[EventDate "2006.08.11"]

1. d4 c5 2. c4 e6 3. e3 Nf6 4. Nc3 Be7 5. Nf3 O-O 6. Be2 d5 7. b3 Nc6 8. Bb2
Bd7 9. O-O a6 10. Re1 cxd4 11. exd4 Bb4 12. a3 Be7 13. Bd3 Rc8 14. c5 Re8 15.
Na4 Qc7 16. Nb6 Rcd8 17. Bc2 Bf8 18. Ne5 Na7 19. Bc3 Nc6 20. Nxc6 Qxc6 21. b4
Rb8 22. Ba4 Qc7 23. f3 Red8 24. Re5 Bxa4 25. Qxa4 Nd7 26. Nxd7 Qxd7 27. Qc2 Be7
28. Rh5 g6 29. Rh3 Bf6 30. Re1 Re8 31. f4 Qb5 32. Ba1 a5 33. Rb3 Qa4 34. Rc1
axb4 35. axb4 Qb5 36. Qa2 Rec8 37. Qc2 Rc6 38. g4 b6 39. f5 bxc5 40. dxc5 Bxa1
41. Rxa1 Kf8 42. Re1 Re8 43. fxg6 hxg6 44. Rf1 e5 45. h4 Kg7 46. h5 Rh8 47. Qf2
f6 48. hxg6 Kxg6 49. Qf5+ Kg7 50. g5 Qe2 51. gxf6+ Kf7 52. Qd7+ Kg6 53. Qg7+
1-0

[Event "XIV Open Nicolo' La Rosa"]
[Site "Mazara del Vallo ITA"]
[Date "2006.08.13"]
[Round "6"]
[White "Imburgia, Giuseppe"]
[Black "Speciale, Francesco"]
[Result "0-1"]
[WhiteElo "1572"]
[BlackElo "1751"]
[PlyCount "102"]
[EventDate "2006.08.11"]

1. e4 g6 2. Nf3 Bg7 3. d4 e6 4. c3 Ne7 5. Bd3 O-O 6. O-O d5 7. Bf4 Nd7 8. e5 b6
9. Qd2 c5 10. Bh6 c4 11. Bc2 Ba6 12. h4 b5 13. h5 Rc8 14. Qf4 b4 15. Bxg7 Kxg7
16. h6+ Kg8 17. Qf6 Nxf6 18. exf6 Nf5 19. g4 Nxh6 20. g5 b3 21. axb3 cxb3 22.
Rxa6 bxc2 23. Na3 Ng4 24. Nxc2 Nxf6 25. gxf6 Qxf6 26. Ne5 Qg5+ 27. Kh1 h5 28.
Rxa7 h4 29. Rg1 Qf4 30. Nxg6 Qe4+ 31. Kh2 fxg6 32. Rxg6+ Qxg6 33. Rg7+ Kh8 34.
Rxg6 Rxf2+ 35. Kh3 Rxc2 36. Kxh4 Rxb2 37. Rxe6 Rxc3 38. Rd6 Rb4 39. Rxd5 Rcc4
40. Rd8+ Kg7 41. Kg4 Rxd4+ 42. Rxd4 Rxd4+ 43. Kg3 Kf6 44. Kh2 Rg4 45. Kh1 Kf5
46. Kh2 Kf4 47. Kh1 Kf3 48. Kh2 Rg3 49. Kh1 Kf2 50. Kh2 Ra3 51. Kh1 Rh3# 0-1

[Event "XIV Open Nicolo' La Rosa"]
[Site "Mazara del Vallo ITA"]
[Date "2006.08.13"]
[Round "6"]
[White "Melograni, Francesco"]
[Black "Riceputi, Vincenzo"]
[Result "0-1"]
[WhiteElo "1676"]
[BlackElo "1873"]
[PlyCount "92"]
[EventDate "2006.08.11"]

1. e4 c5 2. Nf3 d6 3. d4 cxd4 4. Nxd4 Nf6 5. Nc3 a6 6. Be2 e5 7. Nb3 Be7 8. O-O
O-O 9. Be3 Be6 10. Qd2 Nbd7 11. f4 Qc7 12. f5 Bc4 13. Bd3 Ng4 14. h3 Nxe3 15.
Qxe3 Nf6 16. Qf3 b5 17. g4 Ne8 18. Kh2 Bg5 19. Ne2 Rd8 20. Kg3 Qe7 21. Na5 Bh4+
22. Kh2 Qc7 23. Bxc4 bxc4 24. Qc3 Nf6 25. Nxc4 Nxe4 26. Qd3 d5 27. Ne3 Nf6 28.
Qxa6 d4 29. Qc4 Qb8 30. Ng2 Rc8 31. Qb3 Qxb3 32. cxb3 Rc2 33. Nxh4 Rxe2+ 34.
Kh1 Rxb2 35. Rfe1 e4 36. g5 Nh5 37. Kg1 Re8 38. Reb1 Rc2 39. a4 Nf4 40. b4
Nxh3+ 41. Kf1 Rec8 42. b5 Rf2+ 43. Ke1 Rcc2 44. Rc1 Rce2+ 45. Kd1 Kf8 46. Rc8+
Ke7 0-1

[Event "XIV Open Nicolo' La Rosa"]
[Site "Mazara del Vallo ITA"]
[Date "2006.08.13"]
[Round "6"]
[White "Messina, Damiano"]
[Black "Roberti, Ignazio"]
[Result "0-1"]
[WhiteElo "2064"]
[BlackElo "1918"]
[PlyCount "120"]
[EventDate "2006.08.11"]

1. e4 e5 2. Nf3 Nc6 3. Bb5 a6 4. Ba4 Nf6 5. O-O Be7 6. Re1 b5 7. Bb3 d6 8. c3
O-O 9. h3 Re8 10. d4 Bf8 11. Nbd2 Bb7 12. Bc2 exd4 13. cxd4 Nb4 14. Bb1 c5 15.
d5 a5 16. Nf1 c4 17. Ng3 g6 18. Be3 Bg7 19. Bd4 Na6 20. a4 b4 21. Nd2 Rc8 22.
Qf3 Bxd5 23. Rc1 Nxe4 24. Bxg7 Nxg3 25. Qxd5 Ne2+ 26. Kh2 Nxc1 27. Bd4 Nb3 28.
Nxb3 cxb3 29. Bd3 Nc5 30. Bc4 Qe7 31. Re1 Qf8 32. Be3 Re5 33. Qd4 Ne6 34. Qd3
d5 35. Bxb3 Qd6 36. g3 d4 37. Rd1 Rd8 38. Qf1 Qc6 39. Bxe6 Qxe6 40. Rxd4 Rxd4
41. Bxd4 Re4 42. Be3 h5 43. Qd3 Qe8 44. Qd5 Re5 45. Qd4 Kh7 46. Qf4 g5 47. Qf3
Kg6 48. Bd4 Rf5 49. Qd3 g4 50. hxg4 hxg4 51. f3 gxf3 52. g4 Qe2+ 53. Qxe2 fxe2
54. gxf5+ Kxf5 55. Bf2 Kf4 56. Be1 Ke3 57. Kg3 f5 58. Bf2+ Kd2 59. Kf4 e1=Q 60.
Bxe1+ Kxe1 0-1

[Event "XIV Open Nicolo' La Rosa"]
[Site "Mazara del Vallo ITA"]
[Date "2006.08.13"]
[Round "6"]
[White "Nicolosi, Daniele"]
[Black "Napoli, Nicolo'"]
[Result "1/2-1/2"]
[WhiteElo "2029"]
[BlackElo "2216"]
[PlyCount "32"]
[EventDate "2006.08.11"]

1. d4 Nf6 2. Nf3 e6 3. e3 b6 4. Bd3 Bb7 5. Nbd2 Be7 6. b3 O-O 7. Bb2 a5 8. e4
a4 9. a3 d6 10. O-O Nbd7 11. Re1 axb3 12. cxb3 Ra5 13. Qc2 Rh5 14. Nf1 h6 15.
b4 d5 16. e5 Ne4 1/2-1/2

[Event "XIV Open Nicolo' La Rosa"]
[Site "Mazara del Vallo ITA"]
[Date "2006.08.13"]
[Round "6"]
[White "Serio, Danilo"]
[Black "Melia, Lorenzo"]
[Result "1-0"]
[WhiteElo "1940"]
[BlackElo "1727"]
[PlyCount "43"]
[EventDate "2006.08.11"]

1. f4 d5 2. Nf3 Nf6 3. g3 g6 4. Bg2 Bg7 5. d3 O-O 6. O-O c5 7. Qe1 Nc6 8. e4
dxe4 9. dxe4 e5 10. fxe5 Ng4 11. Nc3 Ngxe5 12. Nxe5 Qd4+ 13. Be3 Qxe5 14. Qf2
Nd4 15. Bf4 Qe8 16. Nd5 Ne6 17. Bh6 Bd4 18. Be3 Bxe3 19. Qxe3 Qd8 20. Qh6 f6
21. Rad1 Bd7 22. Nxf6+ 1-0